Visualizzazione normale
Vista MARC
- Bramanti Donatella, Donato Silvia (a cura di)
di Personal Name
Records bibliografici associati: 1
001 - CONTROL NUMBER
- control field: 60998
003 - CONTROL NUMBER IDENTIFIER
- control field:
005 - DATE AND TIME OF LATEST TRANSACTION
- control field: 20241014141340.0
008 - FIXED-LENGTH DATA ELEMENTS
- fixed length control field: 241014|| aca||aabn | a|a d
040 ## - CATALOGING SOURCE
- Original cataloging agency:
- Transcribing agency:
100 ## - HEADING--PERSONAL NAME
- Personal name: Bramanti Donatella, Donato Silvia (a cura di)
670 ## - SOURCE DATA FOUND
- Source citation: Work cat.: ()360224: Bramanti Donatella, Donato Silvia (a cura di), La famiglia che invecchia. , 2024